000
00230nam a2200097Ia 4500
005
20251222114350.0
008
251222s1900||||xx |||||||||||||| ||spa||
082
_a
DVD0180/K87/1980
245
0
_a
El resplandor:The shining
942
_c
DVD
999
_c
1206
_d
1206